All of Statistics
Збережено в:
| Автор: | |
|---|---|
| Формат: | Книга |
| Опубліковано: |
Springer
|
| Предмети: | |
| Теги: |
Немає тегів, Будьте першим, хто поставить тег для цього запису!
|
MARC
| LEADER | 00000nam a2200000Ia 4500 | ||
|---|---|---|---|
| 005 | 20260427112732.0 | ||
| 526 | |b Data Science | ||
| 100 | |a Larry Wasserman | ||
| 020 | |a 9781441923226 | ||
| 650 | |a Statistics | ||
| 526 | |a Bachelors | ||
| 942 | |c BK | ||
| 245 | |a All of Statistics | ||
| 260 | |b Springer | ||
| 999 | |c 132 |d 132 | ||
| 952 | |0 0 |1 0 |4 0 |7 0 |8 2 |a BRISTOL |b BRISTOL |d 2026-04-22 |l 0 |p 000045 |r 2026-04-27 11:27:32 |w 2026-04-27 |y BK | ||